| 000 | 01054nas a2200325 4500 | ||
|---|---|---|---|
| 001 | BR2018002204 | ||
| 003 | BR-BrBNA | ||
| 005 | 20231205131437.0 | ||
| 007 | ta | ||
| 008 | 230509b bl.|||p| |||| 00| 00por d | ||
| 040 |
_aBR-BrBNA _bpor _cBiblioteca Nacional de Agricultura |
||
| 041 | _a(Pt) | ||
| 072 | _aJ11 | ||
| 100 | 1 | _aPalharini, M.C. de A. | |
| 100 | 1 | _aFischer, I.H. | |
| 100 | 1 | _aVegian, M.R. da C. | |
| 100 | 1 | _aFileti, M. de S. | |
| 100 | 1 | _aMontes, S.M.N.M. | |
| 245 | 1 | _aEfeito da temperatura de armazenamento na conservação pós-colheita de amora-preta | |
| 650 | _aAMORA PRETA | ||
| 650 | _aARMAZENAMENTO | ||
| 650 | _aTEMPERATURA | ||
| 650 | _aCONSERVAÇÃO | ||
| 650 | _aPROPRIEDADE FÍSICO-QUÍMICA | ||
| 650 | _aCONTROLE DE QUALIDADE | ||
| 773 | 0 |
_tPesquisa Agropecuária Tropical (Brazil) _xISSN 1983-4063 _g(Oct-Dec 2015), v. 45(4) p. 413-419 _wBR2018002204 |
|
| 856 | 4 | 0 | _uhttp://www.scielo.br/pdf/pat/v45n4/1517-6398-pat-45-04-0413.pdf |
| 909 |
_a202311 _bLúcia _c55 _dLúcia Elande |
||
| 942 |
_2AGRIS _n0 _cANA |
||
| 999 |
_c254857 _d254857 |
||